Most Common Words In English Starting With W - Statistics

General Stats
  • This quiz has been taken 3,899 times
  • The average score is 59 of 96
Answer Stats
Word % Correct
we
99%
when
97%
win
97%
who
96%
what
95%
where
95%
war
93%
will
93%
wall
88%
why
86%
well
85%
wind
85%
want
84%
wear
83%
with
83%
wait
81%
water
78%
wake
77%
west
77%
which
77%
work
77%
white
75%
word
75%
would
75%
waste
74%
wet
74%
wave
73%
week
73%
whom
73%
wine
73%
wish
73%
wonder
73%
wash
72%
way
72%
while
71%
whose
71%
wide
71%
warm
70%
weak
70%
walk
69%
whole
69%
winter
68%
world
68%
write
68%
wife
67%
wood
66%
warn
65%
winner
65%
window
64%
watch
63%
wedding
63%
weather
62%
worker
62%
worry
61%
wage
60%
without
60%
working
60%
wing
58%
woman
58%
whatever
57%
whenever
57%
wrong
57%
weekend
56%
western
56%
wheel
56%
wipe
54%
warning
53%
wander
51%
within
51%
worth
51%
writer
49%
whether
48%
wild
48%
willing
46%
wonderful
46%
wound
46%
wealth
43%
writing
43%
weekly
41%
welcome
40%
wealthy
39%
weigh
39%
wooden
38%
weight
37%
wrap
37%
weapon
36%
works
32%
whisper
31%
withdraw
26%
whereas
25%
widely
24%
welfare
22%
worried
22%
witness
19%
workshop
19%
widespread
11%
No matching quizzes found
Score Distribution
Percent of People with Each Score
Percentile by Number Answered
Your Score History
You have not taken this quiz